| 000 | 00450nam a22001577a 4500 | ||
|---|---|---|---|
| 005 | 20240109163114.0 | ||
| 008 | 190604b xxu||||| |||| 00| 0 eng d | ||
| 020 | _a978-93-5164-678-5 | ||
| 041 | _aeng | ||
| 100 |
_aDEVALE, MR. TITIKSHA.L, AND MINIYAR,DR. PANKAJ.B _98370 |
||
| 245 | _aACTIVE PHARMACEUTICAL INGREDIENTS TECHNOLOGY SIMPLIFIED (SEM-V) | ||
| 250 | _a2ND ED.2017 | ||
| 260 |
_aPUNE _bNIRALI PRAKASHAN |
||
| 300 | _a8.18 p, | ||
| 942 | _cBK | ||
| 999 |
_c5945 _d5943 |
||